Le Biotecnologie (Registro nro. 259)
[ vista simple ]
| 000 -CABECERA | |
|---|---|
| Campo de control | 00563nam a2200205 a 4500 |
| 005 - FECHA Y HORA DE LA ULTIMA TRANSACCION | |
| Campo de control | 20191224041520.0 |
| 008 - ELEMENTOS DE LONGITUD FIJA—INFORMACION GENERAL | |
| Campo de control | 140220b1999 lo ||||| |||| 00| 0 ita d |
| 040 ## - FUENTE DE CATALOGACIÓN | |
| Agencia catalogadora original | CO-BoIAVH |
| Agencia transcriptora | CO-BoIAVH |
| 041 ## - IDIOMA | |
| Código de idioma para texto/pista de sonido o título separado | Italiano |
| 044 ## - PAÍS DE PUBLICACIÓN | |
| País de publicación | Italia |
| 082 ## - NUMERO DE CLASIFICACION DECIMAL DEWEY | |
| Número de clasificación | 660.6 |
| Número del ítem | M66l |
| 111 ## - ASIENTO PRINCIPAL--NOMBRE DE REUNION | |
| Nombre de reunión o de jurisdicción como elemento de entrada | Biotecnologie |
| Lugar de la reunión | Atti del Seminario |
| Fecha de la reunión | 99 |
| 9 (RLIN) | 84832 |
| 245 13 - MENCION DE TITULO | |
| Título | Le Biotecnologie |
| 260 ## - PUBLICACION, DISTRIBUCION, ETC. (PIE DE IMPRENTA) | |
| Lugar de publicación, distribución, etc. | Roma |
| Nombre del editor, distribuidor, etc. | Ministero dell Ambiente |
| Fecha de publicación, distribución, etc. | 1999 |
| 300 ## - DESCRIPCION FISICA | |
| Extensión | 77 páginas |
| Dimensiones | 20 x 14 cm |
| 650 14 - ASIENTO SECUNDARIO DE MATERIA - TERMINO TEMATICO | |
| Término temático o nombre geográfico como elemento de entrada | Biotecnología |
| 9 (RLIN) | 84833 |
| 650 14 - ASIENTO SECUNDARIO DE MATERIA - TERMINO TEMATICO | |
| Término temático o nombre geográfico como elemento de entrada | Microbiología |
| 9 (RLIN) | 6791 |
| 650 14 - ASIENTO SECUNDARIO DE MATERIA - TERMINO TEMATICO | |
| Término temático o nombre geográfico como elemento de entrada | Investigación |
| 9 (RLIN) | 84835 |
| 942 ## - ELEMENTOS ADICIONALES (KOHA) | |
| Tipo de ítem | Libro |
| Sistema de clasificación | Dewey Decimal Classification |
| Withdrawn status | Lost status | Sistema de Clasificación | Damaged status | No para préstamo | Colección | Inventariado | Ubicación Permanente | Ubicación actual | Fecha de adquisición | Fuente de Valor | Valor | Total Checkouts | Número topográfico | Inventario / Código de Barras | Date last seen | Ejemplar | Price effective from | Forma de adquisición | Tipo de material |
|---|---|---|---|---|---|---|---|---|---|---|---|---|---|---|---|---|---|---|---|
| Dewey Decimal Classification | General | Inventariado 2017 | Sala Fabio Quevedo | Sala Fabio Quevedo | 17/01/2001 | Baptiste, Luis Guillermo | 39000.00 | LB-660.6 M66l | 000333 | 04/12/2012 | Ej. 1 | 04/12/2012 | Donación | Libro |